| 000 | 00847nam a22001937a 4500 | ||
|---|---|---|---|
| 005 | 20210325191012.0 | ||
| 008 | s2534 th tha d | ||
| 041 | _atha | ||
| 090 | _aว ML37.T5 ณ211อ 2534 | ||
| 100 | 0 | _aณรงค์ ธรรมวิภาค | |
| 245 | 1 | 0 | _aอิทธิพลของทุนนิยม : ต่อเพลงลูกทุ่งไทย |
| 260 | 3 |
_a[กรุงเทพฯ] : _bสถาบันบัณฑิตพัฒนบริหารศาสตร์, _c2534 |
|
| 300 |
_a162 หน้า : _b แผนภูมิ, ตาราง ; _c 27 ซม. |
||
| 650 | 0 | 4 | _aเพลงลูกทุ่ง -- อิทธิพล -- ทุนนิยม |
| 850 | _aNALT | ||
| 942 | _cRSH | ||
| 997 |
_c000000000027122 _kVC |
||
| 998 | _aNISA LUANGTONGKUM | ||
| 999 |
_c27122 _d27122 |
||